[Event "DVM U20 2021"]
[Site "Kiel GER"]
[Date "2022.07.25"]
[Round "6"]
[White "Elier, Ali"]
[Black "Stelmaszyk, Nico"]
[Result "1/2-1/2"]
[Termination "normal"]
[Board "2.1"]
[BlackTitle "FM"]
[WhiteElo "2144"]
[BlackElo "2287"]
[WhiteClock "00:16:59"]
[BlackClock "00:31:51"]
[WhiteTeam "Schachfreunde Brackel 1930 e. V."]
[BlackTeam "SK Lehrte von 1919 e. V."]
[PlyCount "67"]
[WhiteFideId "16217543"]
[BlackFideId "16200462"]
[EventCountry "GER"]
[EventRounds "7"]
[EventType "team-swiss"]
[EventDate "2022.07.22"]

1. e4 {[%clk 01:30:57]} {[%emt 00:00:01]} c5 {[%clk 01:30:55]} {[%emt
00:00:06]} 2. c3 {[%clk 01:31:21]} {[%emt 00:00:06]} d5 {[%clk 01:30:17]}
{[%emt 00:01:08]} 3. exd5 {[%clk 01:31:47]} {[%emt 00:00:05]} Qxd5 {[%clk
01:30:40]} {[%emt 00:00:07]} 4. Nf3 {[%clk 01:32:06]} {[%emt 00:00:10]} Nc6
{[%clk 01:30:00]} {[%emt 00:01:10]} 5. d4 {[%clk 01:32:19]} {[%emt 00:00:17]}
Bf5 {[%clk 01:29:34]} {[%emt 00:00:56]} 6. Be3 {[%clk 01:28:37]} {[%emt
00:04:12]} cxd4 {[%clk 01:28:25]} {[%emt 00:01:40]} 7. cxd4 {[%clk 01:25:29]}
{[%emt 00:03:37]} Bxb1 {[%clk 01:28:49]} {[%emt 00:00:06]} 8. Rxb1 {[%clk
01:20:23]} {[%emt 00:05:36]} e6 {[%clk 01:29:12]} {[%emt 00:00:07]} 9. a3
{[%clk 01:19:44]} {[%emt 00:01:09]} Nf6 {[%clk 01:29:02]} {[%emt 00:00:40]} 10.
Be2 {[%clk 01:18:50]} {[%emt 00:01:24]} Bd6 {[%clk 01:27:28]} {[%emt 00:02:05]}
11. O-O {[%clk 01:14:19]} {[%emt 00:05:00]} O-O {[%clk 01:27:33]} {[%emt
00:00:24]} 12. b4 {[%clk 01:12:34]} {[%emt 00:02:15]} Rac8 {[%clk 01:22:52]}
{[%emt 00:05:12]} 13. Qa4 {[%clk 01:09:04]} {[%emt 00:04:01]} Bb8 {[%clk
01:19:09]} {[%emt 00:04:12]} 14. Rbc1 {[%clk 01:02:16]} {[%emt 00:07:18]} Qd6
{[%clk 01:09:05]} {[%emt 00:10:33]} 15. d5 {[%clk 00:47:42]} {[%emt 00:15:04]}
Ne5 {[%clk 01:06:15]} {[%emt 00:03:20]} 16. g3 {[%clk 00:47:33]} {[%emt
00:00:39]} Qxd5 {[%clk 01:00:16]} {[%emt 00:06:30]} 17. Nxe5 {[%clk 00:46:50]}
{[%emt 00:01:13]} Qxe5 {[%clk 01:00:14]} {[%emt 00:00:32]} 18. Bf3 {[%clk
00:45:22]} {[%emt 00:01:58]} Rxc1 {[%clk 00:59:29]} {[%emt 00:01:15]} 19. Rxc1
{[%clk 00:45:39]} {[%emt 00:00:12]} b6 {[%clk 00:59:31]} {[%emt 00:00:28]} 20.
Rd1 {[%clk 00:34:40]} {[%emt 00:11:30]} Qf5 {[%clk 00:55:09]} {[%emt 00:04:51]}
21. Qc6 {[%clk 00:31:24]} {[%emt 00:03:47]} Ng4 {[%clk 00:52:59]} {[%emt
00:02:40]} 22. Bxg4 {[%clk 00:30:51]} {[%emt 00:01:03]} Qxg4 {[%clk 00:53:02]}
{[%emt 00:00:27]} 23. Rd7 {[%clk 00:31:04]} {[%emt 00:00:16]} h5 {[%clk
00:49:43]} {[%emt 00:03:49]} 24. Qb7 {[%clk 00:23:15]} {[%emt 00:08:18]} Qh3
{[%clk 00:40:42]} {[%emt 00:09:32]} 25. Bg5 {[%clk 00:19:53]} {[%emt 00:03:52]}
Qf5 {[%clk 00:39:02]} {[%emt 00:02:10]} 26. Be7 {[%clk 00:16:41]} {[%emt
00:03:42]} Re8 {[%clk 00:39:23]} {[%emt 00:00:09]} 27. Qc6 {[%clk 00:16:15]}
{[%emt 00:00:56]} Kh7 {[%clk 00:34:52]} {[%emt 00:05:02]} 28. Rxa7 {[%clk
00:15:08]} {[%emt 00:01:37]} Bxa7 {[%clk 00:34:49]} {[%emt 00:00:33]} 29. Qxe8
{[%clk 00:15:22]} {[%emt 00:00:15]} b5 {[%clk 00:34:45]} {[%emt 00:00:34]} 30.
Bc5 {[%clk 00:15:40]} {[%emt 00:00:11]} Qb1+ {[%clk 00:31:39]} {[%emt
00:03:37]} 31. Kg2 {[%clk 00:16:02]} {[%emt 00:00:08]} Qe4+ {[%clk 00:32:05]}
{[%emt 00:00:05]} 32. Kg1 {[%clk 00:16:15]} {[%emt 00:00:16]} Qb1+ {[%clk
00:31:25]} {[%emt 00:01:10]} 33. Kg2 {[%clk 00:16:38]} {[%emt 00:00:07]} Qe4+
{[%clk 00:31:51]} {[%emt 00:00:05]} 34. Kg1 {[%clk 00:16:59]} {[%emt 00:00:08]}
1/2-1/2

[Event "DVM U20 2021"]
[Site "Kiel GER"]
[Date "2022.07.25"]
[Round "6"]
[White "Meiwes, Thore"]
[Black "Garbuz, Vitaliy"]
[Result "1/2-1/2"]
[Termination "normal"]
[Board "2.2"]
[WhiteElo "2105"]
[BlackElo "2088"]
[WhiteClock "01:30:26"]
[BlackClock "01:17:33"]
[WhiteTeam "SK Lehrte von 1919 e. V."]
[BlackTeam "Schachfreunde Brackel 1930 e. V."]
[PlyCount "32"]
[WhiteFideId "16201256"]
[BlackFideId "12990710"]
[EventCountry "GER"]
[EventRounds "7"]
[EventType "team-swiss"]
[EventDate "2022.07.22"]

1. d4 {[%clk 01:30:57]} {[%emt 00:00:02]} Nf6 {[%clk 01:30:52]} {[%emt
00:00:08]} 2. Bf4 {[%clk 01:31:19]} {[%emt 00:00:09]} d5 {[%clk 01:31:16]}
{[%emt 00:00:05]} 3. e3 {[%clk 01:31:43]} {[%emt 00:00:07]} c5 {[%clk
01:31:38]} {[%emt 00:00:07]} 4. c3 {[%clk 01:32:03]} {[%emt 00:00:10]} Nc6
{[%clk 01:32:00]} {[%emt 00:00:08]} 5. Nd2 {[%clk 01:32:24]} {[%emt 00:00:09]}
e6 {[%clk 01:32:09]} {[%emt 00:00:21]} 6. Ngf3 {[%clk 01:32:43]} {[%emt
00:00:12]} cxd4 {[%clk 01:32:29]} {[%emt 00:00:09]} 7. exd4 {[%clk 01:33:09]}
{[%emt 00:00:04]} Nh5 {[%clk 01:32:42]} {[%emt 00:00:18]} 8. Be3 {[%clk
01:33:36]} {[%emt 00:00:03]} Bd6 {[%clk 01:33:04]} {[%emt 00:00:07]} 9. Ne5
{[%clk 01:34:01]} {[%emt 00:00:06]} g6 {[%clk 01:33:23]} {[%emt 00:00:10]} 10.
Nd3 {[%clk 01:34:25]} {[%emt 00:00:05]} O-O {[%clk 01:33:36]} {[%emt 00:00:18]}
11. g3 {[%clk 01:34:52]} {[%emt 00:00:04]} Ng7 {[%clk 01:33:05]} {[%emt
00:01:00]} 12. Bg2 {[%clk 01:35:14]} {[%emt 00:00:09]} b6 {[%clk 01:32:49]}
{[%emt 00:00:45]} 13. Qa4 {[%clk 01:33:26]} {[%emt 00:02:18]} Bd7 {[%clk
01:30:32]} {[%emt 00:02:47]} 14. Qd1 {[%clk 01:32:28]} {[%emt 00:01:28]} Bc8
{[%clk 01:29:54]} {[%emt 00:01:08]} 15. Qa4 {[%clk 01:30:39]} {[%emt 00:02:19]}
Bd7 {[%clk 01:30:16]} {[%emt 00:00:08]} 16. Qd1 {[%clk 01:30:26]} {[%emt
00:00:44]} Bc8 {[%clk 01:17:33]} {[%emt 00:13:10]} 1/2-1/2

[Event "DVM U20 2021"]
[Site "Kiel GER"]
[Date "2022.07.25"]
[Round "6"]
[White "Reimer, Philip"]
[Black "Kartsev, Nikolay"]
[Result "1/2-1/2"]
[Termination "normal"]
[Board "2.4"]
[WhiteElo "2001"]
[BlackElo "2046"]
[WhiteClock "00:07:11"]
[BlackClock "00:26:22"]
[WhiteTeam "SK Lehrte von 1919 e. V."]
[BlackTeam "Schachfreunde Brackel 1930 e. V."]
[PlyCount "96"]
[WhiteFideId "16235860"]
[BlackFideId "12939536"]
[EventCountry "GER"]
[EventRounds "7"]
[EventType "team-swiss"]
[EventDate "2022.07.22"]

1. e4 {[%clk 01:30:45]} {[%emt 00:00:14]} c5 {[%clk 01:30:55]} {[%emt
00:00:06]} 2. Nf3 {[%clk 01:31:08]} {[%emt 00:00:07]} d6 {[%clk 01:31:09]}
{[%emt 00:00:16]} 3. d4 {[%clk 01:31:31]} {[%emt 00:00:07]} cxd4 {[%clk
01:31:35]} {[%emt 00:00:04]} 4. Nxd4 {[%clk 01:31:54]} {[%emt 00:00:06]} Nf6
{[%clk 01:32:03]} {[%emt 00:00:03]} 5. Nc3 {[%clk 01:32:17]} {[%emt 00:00:07]}
Nc6 {[%clk 01:32:31]} {[%emt 00:00:03]} 6. Bg5 {[%clk 01:32:11]} {[%emt
00:00:34]} e6 {[%clk 01:32:56]} {[%emt 00:00:05]} 7. Qd2 {[%clk 01:32:30]}
{[%emt 00:00:11]} a6 {[%clk 01:33:21]} {[%emt 00:00:05]} 8. O-O-O {[%clk
01:32:51]} {[%emt 00:00:10]} h6 {[%clk 01:33:45]} {[%emt 00:00:05]} 9. Nxc6
{[%clk 01:32:49]} {[%emt 00:00:32]} bxc6 {[%clk 01:34:12]} {[%emt 00:00:04]}
10. Bf4 {[%clk 01:33:10]} {[%emt 00:00:10]} d5 {[%clk 01:34:38]} {[%emt
00:00:03]} 11. Qe3 {[%clk 01:33:28]} {[%emt 00:00:12]} Qa5 {[%clk 01:35:00]}
{[%emt 00:00:08]} 12. Be2 {[%clk 01:33:45]} {[%emt 00:00:12]} Bb4 {[%clk
01:35:27]} {[%emt 00:00:04]} 13. Be5 {[%clk 01:34:09]} {[%emt 00:00:06]} Be7
{[%clk 01:35:54]} {[%emt 00:00:03]} 14. exd5 {[%clk 01:34:33]} {[%emt
00:00:07]} cxd5 {[%clk 01:36:16]} {[%emt 00:00:07]} 15. h4 {[%clk 01:34:53]}
{[%emt 00:00:09]} O-O {[%clk 01:36:28]} {[%emt 00:00:19]} 16. g4 {[%clk
01:35:15]} {[%emt 00:00:09]} Ne8 {[%clk 01:27:50]} {[%emt 00:09:06]} 17. g5
{[%clk 01:34:48]} {[%emt 00:00:57]} f6 {[%clk 01:07:57]} {[%emt 00:20:23]} 18.
gxf6 {[%clk 01:34:19]} {[%emt 00:01:00]} Bxf6 {[%clk 01:05:32]} {[%emt
00:02:55]} 19. Bxf6 {[%clk 01:32:02]} {[%emt 00:02:47]} Rxf6 {[%clk 00:43:01]}
{[%emt 00:23:01]} 20. Nxd5 {[%clk 01:11:36]} {[%emt 00:20:55]} exd5 {[%clk
00:41:41]} {[%emt 00:01:51]} 21. Qxe8+ {[%clk 01:11:52]} {[%emt 00:00:13]} Rf8
{[%clk 00:42:06]} {[%emt 00:00:05]} 22. Qc6 {[%clk 00:45:14]} {[%emt 00:27:08]}
Rb8 {[%clk 00:40:48]} {[%emt 00:01:49]} 23. Kb1 {[%clk 00:42:05]} {[%emt
00:03:38]} Rb6 {[%clk 00:37:32]} {[%emt 00:03:46]} 24. Qxd5+ {[%clk 00:33:42]}
{[%emt 00:08:53]} Qxd5 {[%clk 00:37:53]} {[%emt 00:00:09]} 25. Rxd5 {[%clk
00:34:10]} {[%emt 00:00:02]} Bb7 {[%clk 00:37:52]} {[%emt 00:00:30]} 26. Bc4
{[%clk 00:32:24]} {[%emt 00:02:17]} Kh8 {[%clk 00:30:44]} {[%emt 00:07:37]} 27.
f3 {[%clk 00:31:47]} {[%emt 00:01:07]} Bxd5 {[%clk 00:28:36]} {[%emt 00:02:39]}
28. Bxd5 {[%clk 00:32:16]} {[%emt 00:00:02]} h5 {[%clk 00:26:53]} {[%emt
00:02:13]} 29. c4 {[%clk 00:29:28]} {[%emt 00:03:17]} g6 {[%clk 00:24:07]}
{[%emt 00:03:16]} 30. Kc2 {[%clk 00:23:02]} {[%emt 00:06:56]} Kg7 {[%clk
00:16:42]} {[%emt 00:07:55]} 31. Kc3 {[%clk 00:21:43]} {[%emt 00:01:48]} a5
{[%clk 00:12:03]} {[%emt 00:05:09]} 32. b3 {[%clk 00:19:36]} {[%emt 00:02:39]}
Rf4 {[%clk 00:11:23]} {[%emt 00:01:09]} 33. Be4 {[%clk 00:19:32]} {[%emt
00:00:33]} Kf6 {[%clk 00:09:01]} {[%emt 00:02:52]} 34. c5 {[%clk 00:15:56]}
{[%emt 00:04:07]} Rb4 {[%clk 00:05:55]} {[%emt 00:03:35]} 35. c6 {[%clk
00:08:40]} {[%emt 00:07:47]} Rfxe4 {[%clk 00:05:25]} {[%emt 00:01:00]} 36. fxe4
{[%clk 00:09:03]} {[%emt 00:00:07]} Rb6 {[%clk 00:05:51]} {[%emt 00:00:04]} 37.
Kd4 {[%clk 00:04:23]} {[%emt 00:05:10]} Rxc6 {[%clk 00:06:14]} {[%emt
00:00:07]} 38. e5+ {[%clk 00:02:52]} {[%emt 00:02:01]} Ke7 {[%clk 00:03:41]}
{[%emt 00:03:02]} 39. Rg1 {[%clk 00:00:39]} {[%emt 00:02:44]} Rc2 {[%clk
00:03:40]} {[%emt 00:00:30]} 40. Rxg6 {[%clk 00:00:49]} {[%emt 00:00:21]} Rxa2
{[%clk 00:01:57]} {[%emt 00:02:12]} 41. Ra6 {[%clk 00:15:42]} {[%emt 00:15:37]}
Rh2 {[%clk 00:30:23]} {[%emt 00:02:05]} 42. Kd5 {[%clk 00:11:38]} {[%emt
00:04:33]} Rxh4 {[%clk 00:28:01]} {[%emt 00:02:53]} 43. Ra7+ {[%clk 00:11:53]}
{[%emt 00:00:15]} Kf8 {[%clk 00:27:30]} {[%emt 00:01:01]} 44. Ke6 {[%clk
00:10:23]} {[%emt 00:01:59]} Rb4 {[%clk 00:26:34]} {[%emt 00:01:27]} 45. Kf6
{[%clk 00:10:07]} {[%emt 00:00:46]} Rf4+ {[%clk 00:25:43]} {[%emt 00:01:20]}
46. Ke6 {[%clk 00:10:28]} {[%emt 00:00:10]} Rb4 {[%clk 00:26:10]} {[%emt
00:00:03]} 47. Ra8+ {[%clk 00:06:54]} {[%emt 00:04:05]} Kg7 {[%clk 00:26:34]}
{[%emt 00:00:05]} 48. Rxa5 {[%clk 00:07:11]} {[%emt 00:00:13]} Rxb3 {[%clk
00:26:22]} {[%emt 00:00:42]} 1/2-1/2

[Event "DVM U20 2021"]
[Site "Kiel GER"]
[Date "2022.07.25"]
[Round "6"]
[White "Bartelt, Max Peter"]
[Black "Weigand, Anton"]
[Result "1-0"]
[Termination "normal"]
[Board "2.5"]
[WhiteElo "1915"]
[BlackElo "1919"]
[WhiteClock "00:27:30"]
[BlackClock "00:31:05"]
[WhiteTeam "Schachfreunde Brackel 1930 e. V."]
[BlackTeam "SK Lehrte von 1919 e. V."]
[PlyCount "105"]
[WhiteFideId "12967289"]
[BlackFideId "16221915"]
[EventCountry "GER"]
[EventRounds "7"]
[EventType "team-swiss"]
[EventDate "2022.07.22"]

1. d4 {[%clk 01:30:56]} {[%emt 00:00:02]} e6 {[%clk 01:30:47]} {[%emt
00:00:13]} 2. Nf3 {[%clk 01:30:43]} {[%emt 00:00:44]} Nf6 {[%clk 01:31:05]}
{[%emt 00:00:12]} 3. g3 {[%clk 01:31:10]} {[%emt 00:00:04]} b5 {[%clk
01:31:31]} {[%emt 00:00:04]} 4. Bg2 {[%clk 01:31:34]} {[%emt 00:00:05]} Bb7
{[%clk 01:31:55]} {[%emt 00:00:05]} 5. O-O {[%clk 01:31:59]} {[%emt 00:00:05]}
c5 {[%clk 01:32:12]} {[%emt 00:00:14]} 6. a4 {[%clk 01:31:23]} {[%emt
00:01:06]} b4 {[%clk 01:32:36]} {[%emt 00:00:06]} 7. c4 {[%clk 01:30:08]}
{[%emt 00:01:46]} cxd4 {[%clk 01:25:26]} {[%emt 00:07:40]} 8. Qxd4 {[%clk
01:19:53]} {[%emt 00:10:44]} Be7 {[%clk 01:20:18]} {[%emt 00:05:36]} 9. Nbd2
{[%clk 01:13:05]} {[%emt 00:07:20]} O-O {[%clk 01:19:53]} {[%emt 00:00:55]} 10.
Nb3 {[%clk 01:00:36]} {[%emt 00:12:59]} Nc6 {[%clk 01:16:11]} {[%emt 00:04:10]}
11. Qd3 {[%clk 00:58:34]} {[%emt 00:02:34]} d5 {[%clk 01:10:49]} {[%emt
00:05:50]} 12. cxd5 {[%clk 00:58:36]} {[%emt 00:00:30]} Qxd5 {[%clk 01:11:09]}
{[%emt 00:00:09]} 13. Qb5 {[%clk 00:47:38]} {[%emt 00:11:29]} Rab8 {[%clk
00:59:10]} {[%emt 00:12:28]} 14. Nfd2 {[%clk 00:41:40]} {[%emt 00:06:29]} Qd7
{[%clk 00:49:04]} {[%emt 00:10:33]} 15. Nc5 {[%clk 00:35:34]} {[%emt 00:06:40]}
Bxc5 {[%clk 00:48:05]} {[%emt 00:01:28]} 16. Qxc5 {[%clk 00:35:51]} {[%emt
00:00:13]} Rfc8 {[%clk 00:46:23]} {[%emt 00:02:09]} 17. Nb3 {[%clk 00:34:11]}
{[%emt 00:02:13]} Ba6 {[%clk 00:39:09]} {[%emt 00:07:39]} 18. Bf4 {[%clk
00:27:50]} {[%emt 00:06:55]} e5 {[%clk 00:38:53]} {[%emt 00:00:46]} 19. Bxe5
{[%clk 00:20:11]} {[%emt 00:08:10]} Nxe5 {[%clk 00:39:13]} {[%emt 00:00:11]}
20. Qxe5 {[%clk 00:20:34]} {[%emt 00:00:06]} Re8 {[%clk 00:38:42]} {[%emt
00:00:59]} 21. Qf4 {[%clk 00:18:23]} {[%emt 00:02:43]} Bxe2 {[%clk 00:36:37]}
{[%emt 00:02:35]} 22. Rfe1 {[%clk 00:17:47]} {[%emt 00:01:05]} Bh5 {[%clk
00:31:34]} {[%emt 00:05:32]} 23. Nd4 {[%clk 00:11:58]} {[%emt 00:06:21]} Rxe1+
{[%clk 00:26:25]} 24. Rxe1 {[%clk 00:11:50]} {[%emt 00:06:17]} Rd8 {[%clk
00:26:00]} {[%emt 00:00:51]} 25. Nc6 {[%clk 00:09:14]} {[%emt 00:03:09]} Qd2
{[%clk 00:21:17]} {[%emt 00:05:10]} 26. Qxb4 {[%clk 00:07:09]} {[%emt
00:02:40]} Qxb4 {[%clk 00:20:45]} {[%emt 00:01:00]} 27. Nxb4 {[%clk 00:07:35]}
{[%emt 00:00:04]} Rb8 {[%clk 00:20:35]} {[%emt 00:00:41]} 28. Nc6 {[%clk
00:04:49]} {[%emt 00:03:17]} Rxb2 {[%clk 00:20:52]} {[%emt 00:00:11]} 29. Nxa7
{[%clk 00:05:01]} {[%emt 00:00:18]} Kf8 {[%clk 00:16:28]} {[%emt 00:04:53]} 30.
Ra1 {[%clk 00:02:35]} {[%emt 00:02:58]} Bg6 {[%clk 00:14:57]} {[%emt 00:02:00]}
31. a5 {[%clk 00:02:23]} {[%emt 00:00:43]} Nd7 {[%clk 00:11:54]} {[%emt
00:03:29]} 32. Nc6 {[%clk 00:01:10]} {[%emt 00:01:47]} Nc5 {[%clk 00:12:05]}
{[%emt 00:00:19]} 33. h3 {[%clk 00:00:35]} {[%emt 00:01:06]} Bd3 {[%clk
00:10:28]} {[%emt 00:02:04]} 34. Bf1 {[%clk 00:00:52]} {[%emt 00:00:15]} Bxf1
{[%clk 00:08:48]} {[%emt 00:02:09]} 35. Kxf1 {[%clk 00:01:17]} {[%emt
00:00:05]} Na6 {[%clk 00:09:11]} {[%emt 00:00:08]} 36. Rd1 {[%clk 00:01:32]}
{[%emt 00:00:15]} g6 {[%clk 00:09:04]} {[%emt 00:00:34]} 37. Rd8+ {[%clk
00:01:58]} {[%emt 00:00:07]} Kg7 {[%clk 00:09:24]} {[%emt 00:00:08]} 38. Ra8
{[%clk 00:02:10]} {[%emt 00:00:19]} Nc5 {[%clk 00:05:46]} {[%emt 00:04:06]} 39.
a6 {[%clk 00:01:37]} {[%emt 00:01:06]} Nxa6 {[%clk 00:01:59]} {[%emt 00:04:17]}
40. Rxa6 {[%clk 00:02:03]} {[%emt 00:00:04]} h5 {[%clk 00:01:05]} {[%emt
00:01:23]} 41. Ra7 {[%clk 00:01:00]} {[%emt 00:01:32]} Rb5 {[%clk 00:29:59]}
{[%emt 00:01:36]} 42. Ke2 {[%clk 00:29:23]} {[%emt 00:02:08]} h4 {[%clk
00:30:07]} {[%emt 00:00:22]} 43. g4 {[%clk 00:28:04]} {[%emt 00:01:49]} Rb3
{[%clk 00:29:54]} {[%emt 00:00:12]} 44. f3 {[%clk 00:27:32]} {[%emt 00:01:04]}
Rb2+ {[%clk 00:30:33]} {[%emt 00:00:21]} 45. Ke3 {[%clk 00:27:57]} {[%emt
00:00:05]} Rh2 {[%clk 00:30:51]} {[%emt 00:00:09]} 46. Ne5 {[%clk 00:27:35]}
{[%emt 00:00:54]} Rxh3 {[%clk 00:31:09]} {[%emt 00:00:12]} 47. g5 {[%clk
00:27:08]} {[%emt 00:00:57]} Rh1 {[%clk 00:30:48]} {[%emt 00:00:50]} 48. Rxf7+
{[%clk 00:27:27]} {[%emt 00:00:12]} Kg8 {[%clk 00:30:55]} {[%emt 00:00:22]} 49.
Rf6 {[%clk 00:26:45]} {[%emt 00:01:13]} h3 {[%clk 00:30:47]} {[%emt 00:00:38]}
50. Rxg6+ {[%clk 00:27:11]} {[%emt 00:00:04]} Kf8 {[%clk 00:30:51]} {[%emt
00:00:23]} 51. Rh6 {[%clk 00:27:21]} {[%emt 00:00:24]} h2 {[%clk 00:31:01]}
{[%emt 00:00:18]} 52. Kf4 {[%clk 00:27:25]} {[%emt 00:00:27]} Kg7 {[%clk
00:31:05]} {[%emt 00:00:26]} 53. Ng4 {[%clk 00:27:30]} {[%emt 00:00:26]} 1-0

[Event "DVM U20 2021"]
[Site "Kiel GER"]
[Date "2022.07.25"]
[Round "6"]
[White "Kieselbach, Jannik"]
[Black "Seref, Erdogan"]
[Result "1/2-1/2"]
[Termination "normal"]
[Board "2.6"]
[WhiteElo "1632"]
[BlackElo "1992"]
[WhiteClock "00:14:37"]
[BlackClock "00:14:02"]
[WhiteTeam "SK Lehrte von 1919 e. V."]
[BlackTeam "Schachfreunde Brackel 1930 e. V."]
[PlyCount "91"]
[WhiteFideId "16246403"]
[BlackFideId "16206827"]
[EventCountry "GER"]
[EventRounds "7"]
[EventType "team-swiss"]
[EventDate "2022.07.22"]

1. e4 {[%clk 01:30:57]} {[%emt 00:00:03]} e5 {[%clk 01:30:53]} {[%emt
00:00:08]} 2. Nf3 {[%clk 01:31:22]} {[%emt 00:00:06]} Nc6 {[%clk 01:31:18]}
{[%emt 00:00:04]} 3. d4 {[%clk 01:31:31]} {[%emt 00:00:21]} exd4 {[%clk
01:31:41]} {[%emt 00:00:07]} 4. Nxd4 {[%clk 01:31:58]} {[%emt 00:00:03]} Nf6
{[%clk 01:32:01]} {[%emt 00:00:10]} 5. Nc3 {[%clk 01:32:17]} {[%emt 00:00:11]}
Bb4 {[%clk 01:32:20]} {[%emt 00:00:10]} 6. Nxc6 {[%clk 01:32:37]} {[%emt
00:00:11]} bxc6 {[%clk 01:32:36]} {[%emt 00:00:13]} 7. Bd3 {[%clk 01:32:54]}
{[%emt 00:00:13]} d5 {[%clk 01:32:49]} {[%emt 00:00:17]} 8. exd5 {[%clk
01:33:17]} {[%emt 00:00:08]} cxd5 {[%clk 01:33:06]} {[%emt 00:00:12]} 9. O-O
{[%clk 01:33:34]} {[%emt 00:00:13]} O-O {[%clk 01:33:26]} {[%emt 00:00:09]} 10.
Bg5 {[%clk 01:33:42]} {[%emt 00:00:24]} c6 {[%clk 01:32:49]} {[%emt 00:01:07]}
11. Qf3 {[%clk 01:33:24]} {[%emt 00:00:47]} Bd6 {[%clk 01:31:25]} {[%emt
00:01:55]} 12. Ne2 {[%clk 01:20:37]} {[%emt 00:13:17]} Bg4 {[%clk 01:20:18]}
{[%emt 00:11:35]} 13. Bxf6 {[%clk 01:19:31]} {[%emt 00:01:37]} Bxf3 {[%clk
01:20:39]} {[%emt 00:00:09]} 14. Bxd8 {[%clk 01:19:52]} {[%emt 00:00:10]} Bxe2
{[%clk 01:21:03]} {[%emt 00:00:06]} 15. Bxe2 {[%clk 01:19:30]} {[%emt
00:00:51]} Rfxd8 {[%clk 01:17:35]} {[%emt 00:03:59]} 16. Bf3 {[%clk 01:03:31]}
{[%emt 00:16:29]} Rab8 {[%clk 01:15:41]} {[%emt 00:02:24]} 17. b3 {[%clk
01:01:58]} {[%emt 00:02:02]} Bb4 {[%clk 01:12:47]} {[%emt 00:03:23]} 18. Rad1
{[%clk 00:54:39]} {[%emt 00:07:49]} Bc3 {[%clk 01:02:50]} {[%emt 00:10:29]} 19.
Rd3 {[%clk 00:53:04]} {[%emt 00:02:06]} Bf6 {[%clk 01:02:26]} {[%emt 00:00:53]}
20. c4 {[%clk 00:45:56]} {[%emt 00:07:37]} dxc4 {[%clk 00:54:48]} {[%emt
00:08:09]} 21. Rxd8+ {[%clk 00:46:14]} Bxd8 {[%clk 00:54:34]} {[%emt 00:00:55]}
22. bxc4 {[%clk 00:36:29]} {[%emt 00:10:15]} c5 {[%clk 00:53:23]} {[%emt
00:01:42]} 23. Be4 {[%clk 00:35:40]} {[%emt 00:01:18]} Bf6 {[%clk 00:48:41]}
{[%emt 00:05:12]} 24. Rb1 {[%clk 00:34:39]} {[%emt 00:01:32]} Rxb1+ {[%clk
00:44:12]} {[%emt 00:04:59]} 25. Bxb1 {[%clk 00:34:37]} {[%emt 00:00:31]} Kf8
{[%clk 00:43:40]} {[%emt 00:01:01]} 26. Kf1 {[%clk 00:34:26]} {[%emt 00:00:43]}
Ke7 {[%clk 00:41:44]} {[%emt 00:02:26]} 27. Ke2 {[%clk 00:33:51]} {[%emt
00:01:03]} h6 {[%clk 00:41:31]} {[%emt 00:00:45]} 28. Be4 {[%clk 00:32:42]}
{[%emt 00:01:39]} Bd4 {[%clk 00:41:00]} {[%emt 00:00:59]} 29. g3 {[%clk
00:31:34]} {[%emt 00:01:39]} g6 {[%clk 00:35:26]} {[%emt 00:06:04]} 30. Bb7
{[%clk 00:31:01]} {[%emt 00:01:04]} Kd6 {[%clk 00:34:05]} {[%emt 00:01:48]} 31.
Bd5 {[%clk 00:29:48]} {[%emt 00:01:45]} f5 {[%clk 00:32:38]} {[%emt 00:01:57]}
32. h3 {[%clk 00:23:12]} {[%emt 00:07:07]} Ke5 {[%clk 00:31:48]} {[%emt
00:01:19]} 33. f4+ {[%clk 00:21:49]} {[%emt 00:01:54]} Kf6 {[%clk 00:30:32]}
{[%emt 00:01:45]} 34. Kf3 {[%clk 00:19:54]} {[%emt 00:02:25]} g5 {[%clk
00:25:52]} {[%emt 00:05:10]} 35. Bc6 {[%clk 00:19:29]} {[%emt 00:00:55]} Bc3
{[%clk 00:24:23]} {[%emt 00:01:59]} 36. Ba4 {[%clk 00:18:30]} {[%emt 00:01:29]}
Bd2 {[%clk 00:19:24]} {[%emt 00:05:29]} 37. Be8 {[%clk 00:15:12]} {[%emt
00:03:48]} Ke7 {[%clk 00:18:37]} {[%emt 00:01:18]} 38. Bg6 {[%clk 00:15:06]}
{[%emt 00:00:36]} Kf6 {[%clk 00:18:55]} {[%emt 00:00:12]} 39. Be8 {[%clk
00:15:18]} {[%emt 00:00:18]} Be1 {[%clk 00:18:11]} {[%emt 00:01:14]} 40. Bh5
{[%clk 00:14:42]} {[%emt 00:01:06]} Bd2 {[%clk 00:16:13]} {[%emt 00:02:27]} 41.
Be8 {[%clk 00:14:56]} {[%emt 00:00:16]} gxf4 {[%clk 00:15:09]} {[%emt
00:01:34]} 42. gxf4 {[%clk 00:15:16]} {[%emt 00:00:10]} a5 {[%clk 00:14:54]}
{[%emt 00:00:45]} 43. a4 {[%clk 00:15:25]} {[%emt 00:00:21]} Be1 {[%clk
00:14:28]} {[%emt 00:00:56]} 44. Bd7 {[%clk 00:14:46]} {[%emt 00:01:09]} Bd2
{[%clk 00:13:43]} {[%emt 00:01:15]} 45. Bc8 {[%clk 00:14:16]} {[%emt 00:01:00]}
Bc1 {[%clk 00:14:02]} {[%emt 00:00:11]} 46. Bd7 {[%clk 00:14:37]} {[%emt
00:00:09]} 1/2-1/2